000 01051cam a2200277 4500
008 020726n2002 000 0 eng u
020 _a0727731025
035 _a(Sirsi) u119075
041 _aeng.
050 _a333.77
100 _aCordy, T.
110 _aRoyal Town Planning Institute
_91206
245 _aIntroductory guide to planning and environmental protection
260 _aLondon
_bThomas Telford
_c2002
300 _aviii,120p.
_c31cm.
350 _a25
520 _aThis user-friendly guide provides an informed and useful overview of environmental protection matters and concerns as they affect the work of the planner. Uses data sheets with extensive cross referencing which help situate key terms within a framework of wider issues and concerns.
650 _aLand use
_96251
650 _aPLANNING
650 _aENVIRONMENTAL PROTECTION
650 _aWASTE MANAGEMENT
650 _aSUSTAINABLE DEVELOPMENT
690 _aENVIRONMENT-MANAGEMENT
710 _aEngland and Wales
_bEnvironment Agency
_92469
942 _n0
999 _c102246
_d102246